000 00964nam a2200265 a 4500
001 000002414
005 20200929150207.0
008 090702s2004 sp 000 0 spa d
020 _a8489384525
040 _aDO-SdBNP
_bspa
_cBNPHU
082 _aRD863.44
_bR696t
100 1 _aRodríguez Almodóvar, Antonio,
_d1941-
_97655
245 1 3 _aEl texto infinito :
_bensayos sobre el cuento popular /
_cAntonio Rodríguez Almodóvar.
260 _aMadrid :
_bFundación Germán Sánchez Ruipérez,
_c2004.
300 _a246 p. ;
_c23 cm.
490 1 _aEl árbol de la memoria
500 _aIncluye índice.
500 _aIncluye datos biográficos de autor en la solapa.
504 _aBibliografía : p. 237-246
650 4 _aCuentos españoles
_xHistoria y crítica
_97656
650 4 _aCuentos de hadas
_xHistoria y crítica
_97657
650 4 _aLiteratura popular
_97658
650 4 _aSimbolismo en la literatura.
_97659
830 0 _aEl árbol de la memoria
_97660
999 _c2250
_d2250